Harb-i umumi eşiğinde (Record no. 10146)

MARC details
000 -BAŞLIK
Sabit Uzunlukta Kontrol Alanı 01050na a2200289 4500
001 - KONTROL NUMARASI
Denetim Alanı 15217
003 - KONTROL NUMARASI IDENTIFIER
Denetim Alanı MIRAKIL
005 - SON İŞLEM TARİHİ VE ZAMANI
Denetim Alanı 20181213155308.0
008 - SABİT-BOY VERİ ELEMANLARI - GENEL BİLGİLER
Sabit Uzunlukta Kontrol Alanı 160905b tu 000 0
020 ## - ULUSLARARASI STANDART KİTAP NUMARASI
Uluslararası Standart Kitap Numarası 9786053991700
035 ## - SİSTEM KONTROL NUMARASI
Sistem Kontrol Numarası 15217
040 ## - KATALOGLAMA KAYNAK
Orijinal Kataloglama Ajansı Milas
Kataloglama Dili tur
Metne Dönüştürmek Ajansı TR-AnCHP
082 ## - DEWEY ONLU SINIFLANDIRMA NUMARASI
Sınıflandırma Numarası 956.101543
Ürün Numarası A47h 2010
090 ## - SINIFLAMA NUMARASI
Sınıflama Numarası 956.101543 A47h 2010
100 ## - ANA GİRİŞ - KİŞİSEL İSİM
Kişisel Ad Aksakal, Mustafa
245 ## - BAŞLIK TABLOSU
Başlık Harb-i umumi eşiğinde
Başlığın Kalan Osmanlı devleti son savaşına nasıl girdi?
Sorumluluk Tablosu, Vb Mustafa Aksakal; yayına hazırlayan Belgi Çınar
246 ## - UNVAN FORM VARYING
Başlık Doğru / Kısa Başlığı Osmanlı devleti son savaşına nasıl girdi?
260 ## - YAYIN, DAĞITIM, VB
Yayın, Dağıtım, Vb Yeri İstanbul
Yayıncı, Dağıtıcı, Vs Adı İstanbul Bilgi Üniversitesi Yayınları
Yayın, Dağıtım, Vb Tarihi 2010
300 ## - FİZİKSEL TANIM
Kapsam ix, 244 s.
Diğer Fiziksel Ayrıntıları res.,hrt.
Boyutlar 23 sm.
490 ## - SERİSİ TABLOSU
Seri Beyanı Tarih
Hacim / Ardışık Tanımı 37
490 ## - SERİSİ TABLOSU
Seri Beyanı İstanbul Bilgi Üniversitesi yayınları
Hacim / Ardışık Tanımı 318
504 ## - KAYNAKÇA VB NOT
Kaynakça Vb Notu Kaynakça ve dizin var.
650 ## - KONU KATMA GİRİŞ - TOPİKAL DÖNEM
Topikal Süreli Veya Coğrafi Ad Giriş Elemanı Osmanlı İmparatorluğu
Genel Alt Bölümü Anlaşmalar
Kronolojik Alt Bölümü 20. yüzyıl
650 ## - KONU KATMA GİRİŞ - TOPİKAL DÖNEM
Topikal Süreli Veya Coğrafi Ad Giriş Elemanı Osmanlı İmparatorluğu
Genel Alt Bölümü I. Dünya Savaşı (1914-1918)
650 ## - KONU KATMA GİRİŞ - TOPİKAL DÖNEM
Topikal Süreli Veya Coğrafi Ad Giriş Elemanı Osmanlı İmparatorluğu
Genel Alt Bölümü Tarih
Kronolojik Alt Bölümü Savaşlar
942 ## - EKLENDİ GİRİŞ ELEMANLARI (KOHA)
Sınıflandırma Veya Raf Düzeni Kaynak Dewey Decimal Classification
Koha Öğesi Türü Books
999 ## - SİSTEM KONTROL NUMARALARI (KOHA)
Koha Biblionumber 10146
Koha Biblioitemnumber 10146
Holdings
Kalıcı Konum Mevcut Konum Edinme Tarihi Edinim Kaynak Toplam Check-Out'Lar Tam Çağrı Numarası Barkod Tarih Son Görülme İtibaren Geçerli Fiyatlar Koha Öğesi Türü
CHP Kütüphanesi CHP Kütüphanesi 09/05/2016 Bağış   956.101543 A47h 2010 003289 09/05/2016 09/05/2016 Books